| 000 | 02898cam a2200577Mi 4500 | ||
|---|---|---|---|
| 001 | ocm59550602 | ||
| 003 | OCoLC | ||
| 005 | 20200320214027.0 | ||
| 008 | 050425s2001 enk 000 f eng d | ||
| 015 |
_aGBA1X0175 _2bnb |
||
| 016 | 7 |
_a0333906489 _2Uk |
|
| 019 |
_a47231423 _a973576773 |
||
| 020 | _a0333906489 | ||
| 020 | _a9780333906484 | ||
| 020 | _c14.95 | ||
| 029 | 1 |
_aAU@ _b000022808829 |
|
| 029 | 1 |
_aNOK _b0333906489 |
|
| 029 | 1 |
_aNZ1 _b6361574 |
|
| 029 | 1 |
_aUKBCI _b014389339 |
|
| 029 | 1 |
_aUKBNS _b014389339 |
|
| 029 | 1 |
_aUKDON _b0333906489 |
|
| 029 | 1 |
_aUKDOR _b014389339 |
|
| 029 | 1 |
_aUKPTR _b0333906489 |
|
| 029 | 1 |
_aUKSCO _b014389339 |
|
| 029 | 1 |
_aUKSGC _b014389339 |
|
| 029 | 1 |
_aUKSOM _b014389339 |
|
| 029 | 1 |
_aUNITY _b014389339 |
|
| 029 | 1 |
_aAU@ _b000061651577 |
|
| 035 |
_a(OCoLC)59550602 _z(OCoLC)47231423 _z(OCoLC)973576773 |
||
| 040 |
_aUKV3G _beng _cUKV3G _dUKM _dOCLCQ _dYDXCP _dYUS _dOCLCQ _dNZMTP _dOCLCO _dOCLCF _dNZFEP _dWACOL |
||
| 049 | _aWACL | ||
| 050 | 4 |
_aPR6053.L45 _bS54 2001 |
|
| 082 | 0 | 4 |
_a823.914 _221 |
| 092 |
_aF _bCle |
||
| 100 | 1 |
_aCleeves, Ann. _923032 |
|
| 245 | 1 | 4 |
_aThe sleeping and the dead / _cAnn Cleeves. |
| 260 |
_aLondon : _bMacmillan, _c2001. |
||
| 300 |
_a256 pages ; _c22 cm |
||
| 336 | _atext | ||
| 337 | _aunmediated | ||
| 338 | _avolume | ||
| 520 | 1 | _a"Detective Chief Inspector Peter Porteous came to the small town of Cranford to escape the frantic pace and pressure of urban police work. So he was not expecting one of the first cases in his new job to be a murder investigation. And a thirty-year-old one at that." "Following the recent dry weather, the nearby lake at Cranwell Village has yielded up a body with a stab wound in its back, an anchor tied round its waist." "With the help of Detective Sergeant Eddie Stout, Porteous begins a painstaking search through the town's missing persons records - and identifies the victim as eighteen-year-old Michael Grey, who disappeared in 1972. But Michael is an enigmatic figure, and the more they research his life the more elusive it becomes." "Fifty miles away, in the seaside town of Millhaven, Hannah Morton is listening to a news report about the discovery of the corpse in her old home town. And, like the body, memories she had tried so hard to bury begin to surface. For Michael Grey was Hannah's boyfriend, and she was with him only hours before he disappeared."--BOOK JACKET. | |
| 655 | 7 |
_aMystery fiction. _2gsafd _95986206 |
|
| 655 | 7 |
_aDetective and mystery fiction. _2lcgft _95683641 |
|
| 655 | 7 |
_aDetective and mystery fiction. _2fast _0(OCoLC)fst01726581 _95683641 |
|
| 938 |
_aYBP Library Services _bYANK _n100246655 |
||
| 942 |
_cBOOK _05 |
||
| 948 |
_a10/22/2018 _zSirsi |
||
| 994 |
_aC0 _bWACOL |
||
| 996 |
_a156965 _b34301001565862 _cF _dbk _ewcl _fi _g5 _h16.95 _lgift _mCle _p10/22/2018 _q06/12/2019 _r06/06/2019 |
||
| 999 |
_c314355 _d314354 |
||